[Event "FIDE Online Olympiad"]
[Site "Chess.com"]
[Date "2020.08.01"]
[EventDate "2020.07.31"]
[Round "4"]
[Result "0-1"]
[White "Elizabeth Emile Nagib Tanyous"]
[Black "Lidet Abate Haile"]
[WhiteElo "1472"]
[BlackElo "1584"]
[PlyCount "106"]

1. c4 e5 2. g3 Nf6 3. Nc3 Be7 4. Bg2 O-O 5. e4 Bb4 6. Nge2
Bxc3 7. Nxc3 h6 8. O-O d6 9. d3 Nc6 10. a3 a6 11. Be3 Ne7
12. Ne2 c5 13. Qd2 Kh7 14. h3 Nc6 15. f3 Nd4 16. Nxd4 exd4
17. Bf2 Be6 18. b3 Qc8 19. g4 Nd7 20. f4 f6 21. f5 Bf7 22. Bg3
Ne5 23. Bf4 b5 24. Kf2 bxc4 25. bxc4 Rb8 26. Rab1 Qc6 27. Kg3
Qa4 28. Ra1 Qb3 29. h4 Rfd8 30. Bxe5 dxe5 31. Rf3 Be8 32. Rf2
Ba4 33. Bf3 Qc3 34. Qe2 Qxa1 35. g5 hxg5 36. hxg5 Qg1+ 37. Rg2
Qe3 38. g6+ Kg8 39. Qf1 Qf4+ 40. Kf2 Rb2+ 41. Kg1 Qe3+ 42. Kh1
Rxg2 43. Bxg2 Kf8 44. Qb1 Bc6 45. Qb6 Be8 46. Qxc5+ Kg8
47. Qb6 Qe1+ 48. Kh2 Ra8 49. Qc5 Rb8 50. Qd5+ Kh8 51. Qd6 Qh4+
52. Kg1 Rb1+ 53. Bf1 Qg3+ 0-1

[Event "FIDE Online Olympiad"]
[Site "Chess.com"]
[Date "2020.08.01"]
[EventDate "2020.07.31"]
[Round "4"]
[Result "0-1"]
[White "Feven Gebremeskel Girmay"]
[Black "Mohammed Ibtihal"]
[WhiteElo "1417"]
[BlackElo "1410"]
[PlyCount "136"]

1. d4 g6 2. c4 d6 3. Nc3 Bg7 4. Nf3 Nf6 5. Bf4 c5 6. d5 a6
7. e4 O-O 8. Bd3 Nbd7 9. O-O Qb6 10. Qc2 Ng4 11. h3 Nge5
12. Nxe5 Nxe5 13. Na4 Qb4 14. a3 Qa5 15. Bd2 Qc7 16. Be2 Bd7
17. Nc3 Rab8 18. Rab1 b5 19. cxb5 axb5 20. b3 Rfc8 21. Rfc1 c4
22. b4 f5 23. Bf4 e6 24. exf5 exf5 25. Bxe5 Bxe5 26. Qd2 Qd8
27. f4 Bg7 28. Bf3 Qf6 29. Kh1 Re8 30. Ne2 Re7 31. Rd1 Rbe8
32. Nd4 Re3 33. Ne6 Rd3 34. Qc1 Rxd1+ 35. Qxd1 Bxe6 36. dxe6
Qd4 37. Qxd4 Bxd4 38. Bd5 Kf8 39. Re1 Re7 40. Bc6 Bb2 41. Bxb5
c3 42. Bd3 Bxa3 43. b5 Bb4 44. Rb1 Bc5 45. Bc4 Rb7 46. Rc1 Bd4
47. Rc2 Ke7 48. Kh2 Rc7 49. Ba2 Be3 50. Re2 Bxf4+ 51. g3 Be5
52. Bd5 c2 53. b6 Rc3 54. b7 Bxg3+ 55. Kg2 c1=Q 56. b8=Q Be5
57. Qb7+ Rc7 58. Qb8 Qg5+ 59. Kf1 Rc1+ 60. Re1 Qf4+ 61. Ke2
Rxe1+ 62. Kxe1 Bc3+ 63. Ke2 Qd2+ 64. Kf1 Qd1+ 65. Kg2 Qe2+
66. Kg1 Bd4+ 67. Kh1 Qf1+ 68. Kh2 Be5# 0-1

[Event "FIDE Online Olympiad"]
[Site "Chess.com"]
[Date "2020.08.01"]
[EventDate "2020.07.31"]
[Round "4"]
[Result "0-1"]
[White "Faisal Khairallah"]
[Black "Sidi Boidiya"]
[WhiteElo "2226"]
[BlackElo "2065"]
[PlyCount "74"]

1. d4 d5 2. Bf4 e6 3. e3 Nf6 4. Nd2 Bd6 5. Bg3 c5 6. dxc5 Bxc5
7. Ngf3 O-O 8. c4 Nc6 9. cxd5 exd5 10. Rc1 Bb6 11. Bd3 Bg4
12. O-O Re8 13. Qa4 Bh5 14. Rfe1 Bg6 15. Bxg6 hxg6 16. Nb3 Re4
17. Qb5 d4 18. exd4 Rxe1+ 19. Rxe1 Nxd4 20. Nfxd4 Bxd4
21. Nxd4 Qxd4 22. Qxb7 Rd8 23. h3 Rd7 24. Qc8+ Rd8 25. Qc2 Qb4
26. Re2 Rd5 27. a3 Qd4 28. Kh2 Nh5 29. Re8+ Kh7 30. Qc8 g5
31. Rh8+ Kg6 32. Qc2+ Qd3 33. Qc6+ Nf6 34. h4 gxh4 35. Bxh4
Rd6 36. Qc1 Ng4+ 37. Kg1 Qd1+ 0-1

[Event "FIDE Online Olympiad"]
[Site "Chess.com"]
[Date "2020.08.01"]
[EventDate "2020.07.31"]
[Round "4"]
[Result "0-1"]
[White "Jawad Farhat"]
[Black "Taleb Mohamed Mohamed Abderrahim"]
[WhiteElo "1693"]
[BlackElo "1811"]
[PlyCount "114"]

1. c4 g6 2. Nc3 Bg7 3. g3 Nf6 4. Bg2 O-O 5. e3 Nc6 6. Nge2 a6
7. O-O d6 8. d3 Rb8 9. Rb1 Ne5 10. a4 c5 11. f4 Nc6 12. Na2
Qb6 13. Bd2 Bf5 14. Qc2 Rfd8 15. Nec3 Nb4 16. Nxb4 cxb4 17. a5
Qxa5 18. Nd5 Nxd5 19. Bxd5 b3 20. Qd1 Qb6 21. Qe2 h5 22. Rfc1
e6 23. Bf3 d5 24. c5 Qb5 25. e4 dxe4 26. Bxe4 Bxe4 27. Qxe4
Qxd3 28. Qxd3 Rxd3 29. Bc3 Rc8 30. Bxg7 Kxg7 31. Rc4 Rd2
32. Rc3 Rc7 33. h3 Rc2 34. Rxb3 R2xc5 35. Rd1 Rc1 36. Rxc1
Rxc1+ 37. Kg2 b5 38. Ra3 Rc2+ 39. Kf3 Rxb2 40. Rxa6 Rb3+
41. Kf2 b4 42. Rb6 Rb2+ 43. Kf3 b3 44. g4 h4 45. Rb5 Rb1
46. Kg2 b2 47. Rb4 Kf6 48. Rb5 Ke7 49. f5 gxf5 50. gxf5 exf5
51. Rb7+ Kf6 52. Rb5 f4 53. Rb4 f3+ 54. Kh2 f2 55. Rf4+ Kg7
56. Rxf2 Rh1+ 57. Kxh1 b1=Q+ 0-1

[Event "FIDE Online Olympiad"]
[Site "Chess.com"]
[Date "2020.08.01"]
[EventDate "2020.07.31"]
[Round "5"]
[Result "0-1"]
[White "Lidet Abate Haile"]
[Black "Elena Nekrasova"]
[WhiteElo "1584"]
[BlackElo "1920"]
[PlyCount "112"]

1. e4 c5 2. Nf3 Nc6 3. d4 cxd4 4. Nxd4 e6 5. Nc3 Nf6 6. Bc4
Bb4 7. Nxc6 bxc6 8. Bd3 d5 9. exd5 cxd5 10. O-O O-O 11. Ne2 e5
12. c3 Be7 13. h3 Be6 14. Ng3 e4 15. Bc2 Qc7 16. Be3 Rab8
17. Rb1 Ne8 18. Bd4 f5 19. Nh5 g6 20. Ng3 f4 21. Nh1 f3
22. Qd2 Bd6 23. g3 Bxh3 24. Rfe1 Rf5 25. Rxe4 dxe4 26. Bxe4
Qd7 27. Bxf5 Qxf5 28. Re1 Bg2 29. Qh6 Bf8 30. Qh4 Rxb2 31. g4
Qb1 32. Rxb1 Rxb1+ 33. Kh2 Rxh1+ 34. Kg3 Rxh4 35. Kxh4 Bg7
36. Bxa7 Bxc3 37. a4 Bf1 38. Kg3 Be2 39. g5 Kf7 40. Be3 Ke6
41. Kf4 Bb4 42. Ke4 Bc3 43. a5 Bxa5 44. Kd4 Bb6+ 45. Ke4 Bxe3
46. Kxe3 Kf5 47. Kd4 Kxg5 48. Ke3 h5 49. Ke4 h4 50. Ke3 h3
51. Ke4 h2 52. Ke3 h1=Q 53. Ke4 Nf6+ 54. Ke3 Qc1+ 55. Kd4 Qc4+
56. Ke3 Qf4# 0-1

[Event "FIDE Online Olympiad"]
[Site "Chess.com"]
[Date "2020.08.01"]
[EventDate "2020.07.31"]
[Round "5"]
[Result "0-1"]
[White "Anne Simwaba"]
[Black "Elizabeth Emile Nagib Tanyous"]
[WhiteElo "1272"]
[BlackElo "1472"]
[PlyCount "100"]

1. e4 d6 2. Nf3 Nf6 3. Nc3 Nbd7 4. d4 c6 5. Be2 Qc7 6. Bg5 e5
7. O-O Be7 8. Bxf6 Bxf6 9. d5 h6 10. h3 Nf8 11. a4 Bd7 12. Qd3
Ng6 13. b3 Qc8 14. Nh2 Bxh3 15. Qxh3 Nf4 16. Qxc8+ Rxc8
17. Bg4 Rc7 18. Rad1 Be7 19. g3 Ng6 20. dxc6 bxc6 21. f4 f6
22. Ne2 h5 23. Bf5 Nf8 24. Bh3 Nd7 25. Bxd7+ Rxd7 26. c4 a5
27. fxe5 dxe5 28. Rxd7 Kxd7 29. Rd1+ Kc7 30. Nf3 Bc5+ 31. Kg2
Rb8 32. Rd3 g5 33. Nh2 Rh8 34. Kh3 g4+ 35. Kg2 Rb8 36. Nf1 Rf8
37. Ng1 f5 38. exf5 Rxf5 39. Ne3 Rf6 40. Ne2 e4 41. Rc3 Bb4
42. Rc2 Bc5 43. Rc3 Kd6 44. Nf4 Rf5 45. Nxf5+ Ke5 46. Nxh5
Kxf5 47. Kf1 Ke5 48. Ke2 Kd4 49. Rc1 Ke5 50. Ng7 Kf6 0-1

[Event "FIDE Online Olympiad"]
[Site "Chess.com"]
[Date "2020.08.01"]
[EventDate "2020.07.31"]
[Round "5"]
[Result "0-1"]
[White "Simelane Wandile"]
[Black "Abimbola Osunfuyi"]
[WhiteElo "1560"]
[BlackElo "2292"]
[PlyCount "48"]

1. e4 c5 2. Nf3 e6 3. d3 Nc6 4. g3 Nf6 5. Bg2 d5 6. Nbd2 Be7
7. O-O O-O 8. e5 Nd7 9. Re1 Qc7 10. Qe2 b5 11. Nf1 Bb7 12. h4
Rfe8 13. h5 h6 14. N1h2 a5 15. Ng4 Bf8 16. c3 a4 17. Nh4 b4
18. Bxh6 gxh6 19. Nf6+ Nxf6 20. exf6 Kh7 21. Be4+ dxe4
22. Qxe4+ Kh8 23. Ng6+ fxg6 24. hxg6 Nd4 0-1

[Event "FIDE Online Olympiad"]
[Site "Chess.com"]
[Date "2020.08.01"]
[EventDate "2020.07.31"]
[Round "5"]
[Result "0-1"]
[White "Mkhonta Nokuthula"]
[Black "Peace Samson"]
[WhiteElo "1252"]
[BlackElo "1828"]
[PlyCount "158"]

1. c4 c5 2. Nc3 Nf6 3. e4 d6 4. Nge2 g6 5. g3 Bg7 6. Bg2 O-O
7. h3 Nc6 8. O-O Be6 9. b3 Qc8 10. Kh2 Ne5 11. d3 a6 12. Bg5
h6 13. Bxf6 Bxf6 14. Nd5 Bxd5 15. cxd5 Nd7 16. Rc1 Qc7 17. f4
Qa5 18. a4 Qb6 19. f5 Ne5 20. fxg6 fxg6 21. Nf4 Kh7 22. Ne6
Rf7 23. Rb1 Qa5 24. Qe1 Qxe1 25. Rfxe1 Nxd3 26. Rf1 Ne5 27. g4
Kg8 28. Kg3 Nd7 29. h4 Nf8 30. g5 hxg5 31. hxg5 Be5+ 32. Kh3
Nxe6 33. Rxf7 Nxg5+ 34. Kg4 Nxf7 35. b4 cxb4 36. Rxb4 Rb8
37. Bf1 a5 38. Rb5 b6 39. Bd3 Bd4 40. Kf4 Kg7 41. Rb1 g5+
42. Kg3 Rc8 43. Kf3 Rc3 44. Ke2 Ne5 45. Rd1 Nxd3 46. Rxd3 Rxd3
47. Kxd3 Bc5 48. Ke2 g4 49. Kf1 Kf6 50. Kg2 Ke5 51. Kg3 Kxe4
52. Kxg4 Kxd5 53. Kf5 e5 54. Kg4 e4 55. Kf4 e3 56. Kf3 Kc4
57. Ke2 Kb4 58. Kd3 Kxa4 59. Ke2 d5 60. Kd3 d4 61. Ke4 e2
62. Kd5 e1=Q 63. Kc6 d3 64. Kb7 d2 65. Ka6 d1=Q 66. Ka7 b5+
67. Ka6 Ba7 68. Kb7 b4 69. Ka6 b3 70. Kb7 b2 71. Ka6 b1=Q
72. Kxa7 Kb3 73. Ka6 a4 74. Ka7 Qe6 75. Kb7 a3 76. Ka7 a2
77. Kb7 a1=Q 78. Kb8 Qdd6+ 79. Kb7 Qaa6# 0-1

[Event "FIDE Online Olympiad"]
[Site "Chess.com"]
[Date "2020.08.01"]
[EventDate "2020.07.31"]
[Round "6"]
[Result "0-1"]
[White "Simelane Wandile"]
[Black "Oyon Marius Claude Amba"]
[WhiteElo "1560"]
[BlackElo "1966"]
[PlyCount "84"]

1. e4 c5 2. Nf3 e6 3. d4 cxd4 4. Nxd4 a6 5. Be2 Qc7 6. O-O Nf6
7. Nd2 b5 8. Bf3 Bb7 9. e5 Nd5 10. Ne4 Qxe5 11. Re1 Qc7 12. b3
Be7 13. Bb2 O-O 14. Rc1 Nc6 15. c4 bxc4 16. Rxc4 Qd8 17. Nxc6
Bxc6 18. Qd4 Nf6 19. Ng5 Bxf3 20. Nxf3 d5 21. Ra4 a5 22. Ne5
Rc8 23. h4 Bc5 24. Qf4 Ne4 25. Bd4 Bxd4 26. Rxd4 Qc7 27. Nd3
Qxf4 28. Nxf4 Rc2 29. f3 Ng3 30. Ra4 Nf5 31. Nd3 d4 32. Rxa5
Nxh4 33. Nb4 Rxg2+ 34. Kf1 Rh2 35. f4 g6 36. Nc6 d3 37. b4 d2
38. Rd1 Nf3 39. b5 Rh1+ 40. Ke2 Re1+ 41. Kf2 Rxd1 42. b6 Rf1+
0-1

[Event "FIDE Online Olympiad"]
[Site "Chess.com"]
[Date "2020.08.01"]
[EventDate "2020.07.31"]
[Round "6"]
[Result "0-1"]
[White "Ansi Amin Al"]
[Black "Oladapo Oluto Adu"]
[WhiteElo "1887"]
[BlackElo "2327"]
[PlyCount "94"]

1. e4 d6 2. d4 g6 3. Nf3 Bg7 4. c4 c6 5. Bd3 Bg4 6. Be3 Qb6
7. Be2 Qxb2 8. Nbd2 Qb6 9. Rb1 Qc7 10. Qb3 b6 11. O-O Nd7
12. h3 Bxf3 13. Nxf3 c5 14. d5 Ngf6 15. Qc2 O-O 16. Nh2 Rfe8
17. f4 e6 18. Bc1 exd5 19. exd5 Ne4 20. Bb2 Bd4+ 21. Bxd4 cxd4
22. Bd3 Ndc5 23. f5 Rac8 24. fxg6 hxg6 25. Rbc1 Qe7 26. Rce1
f5 27. Nf3 Qf6 28. Nd2 Ng3 29. Rxe8+ Rxe8 30. Rd1 Qg5 31. Nf1
Nh5 32. Qf2 Nf4 33. Qf3 Ncxd3 34. Rxd3 Nxd3 35. Qxd3 Qf4
36. Qd1 Qe4 37. Qd2 d3 38. Qg5 Kf7 39. Qh6 Qd4+ 40. Kh2 Rh8
41. Qd2 Qxc4 42. Qb2 Qf4+ 43. Kg1 Re8 44. Qc3 Re2 45. Qc7+ Kg8
46. Qd8+ Kh7 47. Qc7+ Kh6 0-1

[Event "FIDE Online Olympiad"]
[Site "Chess.com"]
[Date "2020.08.01"]
[EventDate "2020.07.31"]
[Round "6"]
[Result "0-1"]
[White "Hamood Al Busaidi"]
[Black "Issac Okeke"]
[WhiteElo "1371"]
[BlackElo "1728"]
[PlyCount "62"]

1. e4 c5 2. Nf3 d6 3. g3 Nf6 4. d3 Nc6 5. Bg2 e5 6. Nc3 Be7
7. O-O h6 8. h3 Be6 9. Be3 Qd7 10. Kh2 g5 11. Nd2 Nd4 12. f4
gxf4 13. gxf4 exf4 14. Bxf4 O-O-O 15. Nd5 Rdg8 16. c3 Nc6
17. Nc4 Rxg2+ 18. Kxg2 Bxh3+ 19. Kh2 Nxd5 20. exd5 Bxf1
21. Qxf1 Ne5 22. Bxe5 dxe5 23. Qf3 Bd6 24. Kh1 Rf8 25. Re1 f6
26. a4 Kb8 27. b3 Bc7 28. Nxe5 Qd6 29. Ng4 h5 30. Ne5 fxe5
31. Qg2 Qf6 0-1

[Event "FIDE Online Olympiad"]
[Site "Chess.com"]
[Date "2020.08.01"]
[EventDate "2020.07.31"]
[Round "6"]
[Result "0-1"]
[White "Elizabeth Emile Nagib Tanyous"]
[Black "Maboloko Leboela"]
[WhiteElo "1472"]
[BlackElo "1296"]
[PlyCount "148"]

1. c4 Nf6 2. Nc3 Nc6 3. g3 g6 4. Bg2 Bg7 5. e4 d6 6. d3 Bd7
7. Nge2 a6 8. a3 Rc8 9. O-O O-O 10. Rb1 b6 11. b3 Nb8 12. Bb2
Bc6 13. Qc2 Bb7 14. Bh3 e6 15. Bg2 Qe7 16. Bc1 Rfd8 17. Bg5 h6
18. Bd2 Nbd7 19. d4 a5 20. Qc1 g5 21. Re1 Nh7 22. f4 f5
23. fxg5 Nxg5 24. Nf4 fxe4 25. Nxe4 Bxe4 26. Bxe4 Bxd4+
27. Kg2 e5 28. Ng6 Qg7 29. Bd5+ Kh7 30. Qc2 Qxg6 31. Qc1 c6
32. Bxg5 Qxg5 33. Qc2+ Kg7 34. Rf1 cxd5 35. Qe2 dxc4 36. bxc4
Qe3 37. Qg4+ Qg5 38. Qf3 Rf8 39. Qe2 Rxf1 40. Rxf1 Rf8 41. h4
Qe3 42. Qg4+ Kh7 43. Qd1 Rxf1 44. Qxf1 Qd2+ 45. Kh3 Kg6
46. Qb1+ Kf6 47. Qf1+ Ke6 48. Qf3 Nf6 49. g4 Qe3 50. Qxe3 Bxe3
51. a4 Ne4 52. Kg2 Nd2 53. Kg3 Nxc4 54. Kf3 Bf4 55. Ke4 Nb2
56. h5 Nxa4 57. Kd3 Nc5+ 58. Kc4 Ne4 59. Kb5 Be3 60. Kc4 Nf2
61. Kc3 Nxg4 62. Kd3 Bd4 63. Ke4 Nf6+ 64. Kf3 Nxh5 65. Kg4 Nf4
66. Kf3 Kf5 67. Kg3 b5 68. Kf3 e4+ 69. Kg3 b4 70. Kh2 b3
71. Kg3 b2 72. Kh2 b1=Q 73. Kg3 Qd3+ 74. Kh2 Qh3# 0-1

[Event "FIDE Online Olympiad"]
[Site "Chess.com"]
[Date "2020.08.01"]
[EventDate "2020.07.31"]
[Round "6"]
[Result "0-1"]
[White "Naleli Mcpherson"]
[Black "Mohammed Ibtihal"]
[WhiteElo "1303"]
[BlackElo "1410"]
[PlyCount "136"]

1. e4 c5 2. Nf3 e6 3. d4 d5 4. Bd3 c4 5. Be2 dxe4 6. Nfd2 Qxd4
7. c3 Qf6 8. Nxe4 Qg6 9. Ng3 Be7 10. Bxc4 Nf6 11. Bd3 Qg4
12. Be2 Qh4 13. Nd2 O-O 14. Nf3 Qg4 15. O-O Rd8 16. Qb3 Nc6
17. Be3 Nd5 18. h3 Qg6 19. Bd4 Nxd4 20. Nxd4 Bc5 21. Rad1 Bb6
22. Bf3 Bd7 23. Bxd5 exd5 24. Rfe1 Bc6 25. Nxc6 bxc6 26. Qa4
Qxg3 27. Rf1 Rac8 28. Kh1 Qg6 29. Qf4 Bc7 30. Qd4 Qd6 31. f4
Bb6 32. Qd3 h6 33. Rf3 Re8 34. Rdf1 f5 35. Qxf5 Rc7 36. Qd3
Rce7 37. f5 Re3 38. Qd1 Rxf3 39. Qxf3 Re3 40. Qg4 Qf6 41. Qf4
Qe5 42. Qg4 Bc7 43. Kg1 Qh2+ 44. Kf2 Qg3+ 45. Qxg3 Rxg3
46. Kg1 Kf7 47. Re1 Rd3 48. Re6 Rd1+ 49. Kf2 Bb6+ 50. Kf3 c5
51. g4 d4 52. cxd4 cxd4 53. Rd6 Rd3+ 54. Ke4 Re3+ 55. Kd5 d3
56. h4 d2 57. Kc6 Re2 58. Rd7+ Kf8 59. b4 Be3 60. Rd8+ Kf7
61. Rd7+ Kf6 62. Rd6+ Ke5 63. Re6+ Kf4 64. Rd6 Re1 65. b5 Rc1+
66. Kb7 d1=Q 67. Rxd1 Rxd1 68. a4 Ra1 0-1

[Event "FIDE Online Olympiad"]
[Site "Chess.com"]
[Date "2020.08.01"]
[EventDate "2020.07.31"]
[Round "6"]
[Result "0-1"]
[White "Fadi Eid"]
[Black "Joseph Mwale"]
[WhiteElo "2337"]
[BlackElo "2119"]
[PlyCount "90"]

1. e4 e5 2. Nf3 Nc6 3. Nc3 Nf6 4. d4 exd4 5. Nxd4 Bb4 6. Nxc6
bxc6 7. Bd3 d5 8. exd5 cxd5 9. O-O O-O 10. Bg5 c6 11. Qf3 Bd6
12. Bxf6 Qxf6 13. Qxf6 gxf6 14. Ne2 Rb8 15. b3 c5 16. Rad1 Be6
17. Ng3 Rfc8 18. Be2 c4 19. Bf3 cxb3 20. cxb3 Rc2 21. Bxd5
Bxd5 22. Rxd5 Bxg3 23. hxg3 Rxa2 24. Rb1 a5 25. Rd6 Kg7
26. Rd3 Ra3 27. Rf3 Rb4 28. Rc1 Rbxb3 29. Rxb3 Rxb3 30. Rc6
Kg6 31. Ra6 Ra3 32. g4 Kg5 33. g3 f5 34. gxf5 Kxf5 35. Kg2 h5
36. Rh6 Kg5 37. Ra6 Ra1 38. Kf3 Kf5 39. Rh6 Kg5 40. Ra6 a4
41. Ra5+ Kg6 42. Kf4 a3 43. f3 a2 44. Ra6+ Kg7 45. Kg5 h4 0-1

[Event "FIDE Online Olympiad"]
[Site "Chess.com"]
[Date "2020.08.01"]
[EventDate "2020.07.31"]
[Round "6"]
[Result "0-1"]
[White "Banda Tapiwa"]
[Black "Maya Jalloul"]
[WhiteElo "1021"]
[BlackElo "1876"]
[PlyCount "132"]

1. e4 c5 2. Nf3 d6 3. Bc4 e6 4. a4 Nf6 5. d3 Nc6 6. Bb5 Bd7
7. Bxc6 Bxc6 8. Bg5 Be7 9. Bxf6 Bxf6 10. c3 O-O 11. O-O a6
12. Re1 Qc7 13. Qd2 b5 14. a5 Rab8 15. Ra2 b4 16. c4 Rbd8
17. b3 Rfe8 18. Qe3 Be7 19. Nbd2 Bb7 20. g3 Bf6 21. Kh1 Bc3
22. Re2 Qd7 23. Rc2 f5 24. Ng5 h6 25. Ngf3 Rf8 26. Re1 Rde8
27. Rec1 Qf7 28. e5 Bxe5 29. Kg1 Bf6 30. Re1 Qh5 31. Qe2 Qh3
32. Qf1 Qg4 33. Qg2 Bd4 34. h3 Qh5 35. g4 fxg4 36. Qxg4 Qxg4+
37. hxg4 Bxf3 38. Nxf3 Rxf3 39. Ree2 e5 40. Kg2 Ref8 41. Ra2
R3f4 42. Kg3 R8f6 43. Rac2 Rg6 44. f3 Rgf6 45. Re4 Rxf3+
46. Kg2 Rxd3 47. Rce2 Rxb3 48. Kh2 Rbf3 49. Kg2 Rf2+ 50. Rxf2
Rxf2+ 51. Kg3 Rf4 52. Rxf4 exf4+ 53. Kxf4 b3 54. Ke4 b2
55. Kd5 b1=Q 56. Kxd6 Qb7 57. g5 Kf7 58. gxh6 Qe7+ 59. Kc6
Qe6+ 60. Kb7 Ke7 61. h7 g5 62. Kb8 Qd7 63. h8=Q Bxh8 64. Ka8
Kd6 65. Kb8 Kc6 66. Ka8 Qb7# 0-1

[Event "FIDE Online Olympiad"]
[Site "Chess.com"]
[Date "2020.08.01"]
[EventDate "2020.07.31"]
[Round "4"]
[Result "0-1"]
[White "Aseel Faqeeh"]
[Black "Mariana Sanchez"]
[WhiteElo "1509"]
[BlackElo "1612"]
[PlyCount "42"]

1. d4 d5 2. c4 c6 3. Nc3 Nf6 4. e3 Bf5 5. Nf3 Nbd7 6. Be2 e6
7. O-O dxc4 8. Bxc4 Bd6 9. Nh4 Bg4 10. Nf3 O-O 11. Ne2 Bxf3
12. gxf3 Qc7 13. Ng3 e5 14. dxe5 Nxe5 15. Be2 Rad8 16. b3 Ng6
17. Bd3 Nh4 18. Bb2 Be5 19. Bxe5 Qxe5 20. Qe2 Qe6 21. Rad1 Qh3
0-1

[Event "FIDE Online Olympiad"]
[Site "Chess.com"]
[Date "2020.08.01"]
[EventDate "2020.07.31"]
[Round "4"]
[Result "0-1"]
[White "Koffi Botsoe"]
[Black "Casanova Romario Sanches"]
[WhiteElo "1570"]
[BlackElo "1954"]
[PlyCount "110"]

1. d4 g6 2. c3 Bg7 3. e3 d6 4. f4 Nc6 5. Nf3 Bg4 6. Bd3 e5
7. Be2 exf4 8. exf4 Nf6 9. O-O O-O 10. Nbd2 Re8 11. Bd3 Qd7
12. Qc2 Nd5 13. Ne4 Bf5 14. Ng3 Bxd3 15. Qxd3 Re7 16. Re1 Rae8
17. Rxe7 Rxe7 18. Bd2 Qg4 19. Ne2 Bh6 20. h3 Qe6 21. Re1 Qd7
22. a3 a6 23. c4 Nf6 24. d5 Nb8 25. Ng3 Rxe1+ 26. Nxe1 Qe7
27. Qe3 Qxe3+ 28. Bxe3 Nbd7 29. b4 b6 30. Nd3 Bg7 31. Kf2 h5
32. Kf3 h4 33. Ne2 Nh5 34. a4 f5 35. Bd4 Nhf6 36. Bxf6 Bxf6
37. Ke3 Kf7 38. Nd4 Bxd4+ 39. Kxd4 Kf6 40. Ne1 g5 41. Nf3 gxf4
42. Nxh4 Ne5 43. Nf3 Nxf3+ 44. gxf3 Kg5 45. c5 Kh4 46. cxd6
cxd6 47. a5 bxa5 48. bxa5 Kxh3 49. Kd3 Kg3 50. Ke2 Kg2 51. Ke1
Kxf3 52. Kf1 Ke3 53. Ke1 f3 54. Kf1 f2 55. Kg2 Ke2 0-1

[Event "FIDE Online Olympiad"]
[Site "Chess.com"]
[Date "2020.08.01"]
[EventDate "2020.07.31"]
[Round "4"]
[Result "0-1"]
[White "Ivana Claudia Eyram De Souza"]
[Black "Catherine Kaslan"]
[WhiteElo "1117"]
[BlackElo "1856"]
[PlyCount "68"]

1. e4 c5 2. Nf3 d6 3. Bc4 e6 4. Nc3 Nc6 5. d3 Nf6 6. Bg5 Be7
7. Bxf6 Bxf6 8. O-O a6 9. a4 O-O 10. Re1 b6 11. Qd2 Bb7
12. Ne2 Bxb2 13. Rab1 Bf6 14. c3 d5 15. exd5 exd5 16. Ba2 Rb8
17. Nf4 d4 18. cxd4 Nxd4 19. Nxd4 Bxd4 20. Ne2 Be5 21. Rb3 Bc7
22. Rd1 Qd6 23. Ng3 Rbd8 24. d4 Qc6 25. f3 Rxd4 26. Ra3 Rxd2
27. Rxd2 Re8 28. Bd5 Qh6 29. Kf2 Qxd2+ 30. Kg1 Re1+ 31. Nf1
Bxd5 32. Re3 Rxe3 33. Nxe3 Qxe3+ 34. Kf1 Bc4# 0-1

[Event "FIDE Online Olympiad"]
[Site "Chess.com"]
[Date "2020.08.01"]
[EventDate "2020.07.31"]
[Round "4"]
[Result "0-1"]
[White "Tobi Felix"]
[Black "Danitza Vazquez Maccarini"]
[WhiteElo "1465"]
[BlackElo "2014"]
[PlyCount "102"]

1. d4 Nf6 2. Bf4 e6 3. e3 c5 4. c3 b6 5. Nf3 Bb7 6. Be2 cxd4
7. exd4 Be7 8. h3 d6 9. Nbd2 O-O 10. O-O Re8 11. Re1 Nbd7
12. Qc2 Nf8 13. Bg3 a6 14. a3 Rc8 15. Qa4 b5 16. Qb3 Ng6
17. Bd3 Qd7 18. Ne4 Nh5 19. Bh2 Nhf4 20. Bxf4 Nxf4 21. Qc2
Nxd3 22. Qxd3 h6 23. Re3 Bd5 24. Ng3 Qc6 25. Rae1 f5 26. Nh5
Be4 27. Qd2 Rf8 28. Nf4 Rf6 29. d5 exd5 30. Nxd5 Bxd5 31. Rxe7
Bxf3 32. gxf3 Qxf3 33. R1e3 Rg6+ 34. Kf1 Qc6 35. Qd4 Rf8
36. R3e6 Qg2+ 37. Ke2 Rxe6+ 38. Rxe6 Qxh3 39. Rxd6 Re8+
40. Kd2 Qf3 41. Qd5+ Qxd5+ 42. Rxd5 f4 43. f3 Re3 44. Rd8+ Kh7
45. Ra8 Rxf3 46. Kc2 Rf2+ 47. Kb3 f3 48. Rxa6 Re2 49. Ra8 Re6
50. Rf8 Rf6 51. Rxf6 gxf6 0-1

[Event "FIDE Online Olympiad"]
[Site "Chess.com"]
[Date "2020.08.01"]
[EventDate "2020.07.31"]
[Round "4"]
[Result "0-1"]
[White "Rohan Karamchandani"]
[Black "Carlos Rodriguez Rosich"]
[WhiteElo "1495"]
[BlackElo "1389"]
[PlyCount "134"]

1. e4 c5 2. Nf3 d6 3. d4 cxd4 4. Nxd4 Nf6 5. Nc3 g6 6. Bd3 Bg7
7. O-O O-O 8. f4 Qb6 9. Nce2 Nc6 10. c3 Ng4 11. Bc2 e5 12. h3
Nf6 13. fxe5 dxe5 14. Bg5 exd4 15. Bxf6 d3+ 16. Bd4 Nxd4
17. Nxd4 dxc2 18. Qxc2 Bd7 19. Rad1 Rac8 20. Qb3 Qxb3 21. Nxb3
Bc6 22. Rfe1 Rfe8 23. Nd2 Rcd8 24. Kf2 Bh6 25. Nc4 Rxd1
26. Rxd1 Rxe4 27. Rd8+ Kg7 28. Nd6 Rf4+ 29. Ke2 Rf6 30. Nc8
Re6+ 31. Kd3 Re8 32. Rxe8 Bxe8 33. Nd6 Bc6 34. g3 Kf6 35. Kd4
Ke6 36. Nc4 b6 37. b4 Bg7+ 38. Ke3 Bd5 39. Kd3 Be5 40. g4
Bxc4+ 41. Kxc4 f5 42. g5 Kd6 43. a4 a6 44. b5 a5 45. Kd3 Kc5
46. c4 Bf4 47. h4 Bg3 48. Ke3 Kxc4 49. Kf3 Be5 50. Ke3 Kb4
51. Kd3 Kxa4 52. Kc2 Kxb5 53. Kb3 f4 54. h5 gxh5 55. g6 hxg6
56. Kc2 a4 57. Kd2 a3 58. Ke2 a2 59. Kf3 g5 60. Kg2 a1=Q
61. Kh3 Qc3+ 62. Kh2 Qd2+ 63. Kh1 Qe1+ 64. Kg2 Qg3+ 65. Kh1
Qg4 66. Kh2 f3+ 67. Kh1 Qg2# 0-1

[Event "FIDE Online Olympiad"]
[Site "Chess.com"]
[Date "2020.08.01"]
[EventDate "2020.07.31"]
[Round "5"]
[Result "0-1"]
[White "Davidson Gabriel"]
[Black "Diego Zilleruelo Irizarry"]
[WhiteElo "1915"]
[BlackElo "2119"]
[PlyCount "120"]

1. e4 c6 2. d4 d5 3. e5 c5 4. c3 Nc6 5. Nf3 Bg4 6. Be2 e6
7. O-O Bxf3 8. Bxf3 cxd4 9. cxd4 Qb6 10. Be3 Nge7 11. Nc3 Nf5
12. Na4 Qd8 13. Qd3 Be7 14. a3 O-O 15. b4 Rc8 16. Rfc1 Nxe3
17. fxe3 b6 18. Rc3 Qd7 19. Bd1 f6 20. exf6 Bxf6 21. Rac1 Ne7
22. Bb3 Nf5 23. Nb2 Rxc3 24. Qxc3 Qf7 25. Rf1 Nxe3 26. Rf3 Nf5
27. Rxf5 exf5 28. Nd3 Kh8 29. h3 Re8 30. Nf4 Qe7 31. Nxd5 Qe1+
32. Qxe1 Rxe1+ 33. Kf2 Rb1 34. Nxf6 Rb2+ 35. Kf1 gxf6 36. Be6
Rd2 37. d5 Kg7 38. Ke1 Rd4 39. Ke2 Kf8 40. Ke3 Re4+ 41. Kd3
Re5 42. g4 fxg4 43. hxg4 Ke7 44. Kd4 h5 45. gxh5 Rxh5 46. Kc4
Kd6 47. a4 a5 48. bxa5 bxa5 49. Kb5 f5 50. Kxa5 f4 51. Kb6 f3
52. Bg4 f2 53. Be2 Rxd5 54. a5 Rd2 55. Bf1 Rb2+ 56. Ka7 Kc7
57. a6 Rb1 58. Bg2 f1=Q 59. Bxf1 Rxf1 60. Ka8 Kb6 0-1

[Event "FIDE Online Olympiad"]
[Site "Chess.com"]
[Date "2020.08.01"]
[EventDate "2020.07.31"]
[Round "5"]
[Result "0-1"]
[White "Davena Jonet"]
[Black "Natasha Morales Santos"]
[WhiteElo "1458"]
[BlackElo "1720"]
[PlyCount "92"]

1. e4 e6 2. Nf3 d5 3. exd5 exd5 4. h3 Bd6 5. a3 Ne7 6. d4 Bf5
7. Nc3 Nbc6 8. Bd3 Qd7 9. O-O f6 10. Be3 O-O-O 11. Re1 g5
12. g3 Bxd3 13. Qxd3 Qxh3 14. Qf1 Qf5 15. Qe2 h5 16. Nh2 g4
17. Kf1 Bxg3 18. Kg2 Bd6 19. Bd2 Nxd4 20. Qe3 Nec6 21. Nb5
Nxb5 22. Qe6+ Qxe6 23. Rxe6 Be5 24. c3 Kd7 25. Rxc6 bxc6
26. a4 Nd6 27. Nf1 Nc4 28. Bc1 Rb8 29. Ra2 h4 30. a5 h3+
31. Kh1 a6 32. Ne3 Nxe3 33. Bxe3 Ke6 34. Bd2 Kf5 35. b4 Rhe8
36. Rc2 Bf4 37. Bxf4 Kxf4 38. Kh2 Kf3 39. c4 d4 40. b5 Re2
41. Rxe2 Kxe2 42. bxc6 Kxf2 43. c5 g3+ 44. Kxh3 Rg8 45. Kh4 g2
46. Kh5 g1=Q 0-1

[Event "FIDE Online Olympiad"]
[Site "Chess.com"]
[Date "2020.08.01"]
[EventDate "2020.07.31"]
[Round "5"]
[Result "0-1"]
[White "Nathaniel I Garcia Figueroa"]
[Black "Angelo Etienne"]
[WhiteElo "1341"]
[BlackElo "1995"]
[PlyCount "97"]

1. e4 d5 2. exd5 c6 3. Nc3 cxd5 4. d4 Nf6 5. Bg5 Nc6 6. Nf3
Bg4 7. Be2 e6 8. Ne5 Bxe2 9. Nxe2 Qa5+ 10. c3 Be7 11. O-O O-O
12. Bxf6 Bxf6 13. Nd7 Rfe8 14. Nxf6+ gxf6 15. Nf4 Qd8 16. Qg4+
Kh8 17. Rfe1 Rg8 18. Qh4 f5 19. Qh5 Qg5 20. g3 Qxf4 21. Qxf7
Qg5 22. Qxb7 Na5 23. Qd7 Nc4 24. Qxe6 f4 25. b3 Nd2 26. Qe5+
Qxe5 27. Rxe5 Nf3+ 28. Kg2 Nxe5 29. dxe5 Rae8 30. Re1 Rg5
31. Kf3 fxg3 32. hxg3 Rgxe5 33. Rd1 Rc8 34. Kf4 Re2 35. Rxd5
Rxf2+ 36. Ke3 Rxa2 37. c4 Ra3 38. Rd3 a5 39. c5 Rxc5 40. Rd8+
Kg7 41. Rd7+ Kg6 42. Rd6+ Kg5 43. Rd3 Rb5 44. Ke4 Raxb3
45. Rd1 a4 46. Ra1 a3 47. Kd4 Rxg3 48. Kc4 Rf5 49. Kb4 0-1